000 00831nam a22002177a 4500
999 _c13294
_d13294
003 AR-CdUCM
008 190411b ||||| |||| 00| 0 spa d
040 _aMUNICIPALIDAD PROVINCIAL DEL CUSCO
_cBIBLIOTECA MUNICIPAL DEL CUSCO
082 _a346.9 /
_bC73
110 _aInstituto de Cultura Hispánica.
_931636
245 _aCódigo Civil del Perú /
260 _aMadrid :
_bInstituto de Cultura Hispánica,
_c1962.
300 _a287 páginas ;
_c20 cm.
505 _aContenido: Del derecho de las personas -- Del derecho de familia -- Del derecho de sucesión -- De los derechos reales -- Del derecho de obligaciones.
650 _aDerecho civil
_97386
650 _aLegislación
_92962
650 _aPerú
_935
700 _aLeón Barandiarán, José (preliminar)
_931637
942 _2ddc
_cLIBROS
945 _aachl
_d2019-04-11